[Event "Kieler Open 2015 Gruppe B"]
[Site "Kiel"]
[Date "2015.07.29"]
[Round "7.12"]
[White "Borchert, Johann"]
[Black "Plichta, Reiner"]
[Result "0-1"]
[WhiteElo "1630"]
[BlackElo "1811"]
[PlyCount "136"]
[EventDate "2015.??.??"]
[WhiteTeam "Heikendorfer SV"]
[BlackTeam "Kiel"]

1. e4 c5 2. c3 d5 3. exd5 Qxd5 4. h3 Nf6 5. Qf3 Bf5 6. Qxd5 Nxd5 7. Ne2 Bd3 8.
Ng3 Bxf1 9. Kxf1 Nc6 10. Ne2 e5 11. Na3 O-O-O 12. Nc2 e4 13. a3 f5 14. b4 cxb4
15. axb4 Kb8 16. Ned4 Nxd4 17. Nxd4 Nxb4 18. Ne6 Nc6 19. Nxd8 Nxd8 20. Ba3 Nc6
21. Bxf8 Rxf8 22. Ke2 Rd8 23. Rhb1 g6 24. Ra4 Ne5 25. f3 exf3+ 26. gxf3 Re8 27.
f4 Nc4+ 28. Kd3 Nd6 29. Rf1 b5 30. Rd4 Kc7 31. Ra1 Ra8 32. Ra6 Ne4 33. Ke3 Kb7
34. Re6 Nc5 35. Re7+ Kc6 36. Rb4 a5 37. Rb1 a4 38. Ra1 Kd6 39. Re5 Rb8 40. Ra3
Nd7 41. d4 Nxe5 42. fxe5+ Kd5 43. Kf4 Rc8 44. Kg5 Ke6 45. h4 Rc7 46. Kf4 h6 47.
Ke3 Kd5 48. Kf4 Ke6 49. Ke3 g5 50. hxg5 hxg5 51. Kf3 Kd5 52. Ke3 Rh7 53. Kf2
Rh2+ 54. Ke3 Rh1 55. Kf3 Rc1 56. Ke3 Kc4 57. Kd2 Rh1 58. Ke2 Rh3 59. Kd2 f4 60.
Ke2 g4 61. Kf2 Rh2+ 62. Kg1 Re2 63. Kf1 f3 64. Kg1 g3 65. Ra1 a3 66. Kf1 Rh2
67. Kg1 f2+ 68. Kf1 Rh1+ 0-1

[Event "Kieler Open 2015 Gruppe B"]
[Site "Kiel"]
[Date "2015.07.29"]
[Round "7.13"]
[White "Steffen, Jörn"]
[Black "Farokhi, Keyvan"]
[Result "1/2-1/2"]
[WhiteElo "1682"]
[BlackElo "1283"]
[PlyCount "61"]
[EventDate "2015.??.??"]
[WhiteTeam "Flintbek"]
[BlackTeam "Doppelbauer Kiel"]

1. d4 Nf6 2. c4 g6 3. Nc3 Bg7 4. e4 d6 5. Nf3 O-O 6. Be2 e5 7. O-O Nc6 8. Be3
Re8 9. dxe5 Nxe5 10. Nxe5 Rxe5 11. Qc2 b6 12. Bf4 Re8 13. Rad1 Bb7 14. e5 Nd7 (
14... Nh5 15. Bxh5 Qh4) 15. exd6 c5 (15... Bxc3) 16. Nb5 Be5 (16... Qf6) 17.
Bxe5 Rxe5 18. Nc7 Rc8 19. Bg4 Rg5 20. Bh3 (20. f3) 20... Ne5 21. Qc3 (21. f4
Nf3+ 22. Rxf3 Bxf3 23. Re1 Qxd6 24. fxg5) 21... Nf3+ 22. Kh1 Nh4 (22... Nd4)
23. Nd5 Bxd5 24. Rxd5 Rxd5 25. cxd5 Rb8 (25... f5) 26. d7 Qe7 (26... Rb7) 27.
Re1 $1 Qf8 28. d6 (28. Qg3 Nf5 29. Qxb8) 28... f6 29. Re4 (29. Qc4+ Kg7 30.
Re7+ Kh8 31. Qxh4) 29... Qxd6 30. Re8+ Kg7 31. Qb3 (31. Qb3 c4 32. Qc2) 1/2-1/2

[Event "Kieler Open 2015 Gruppe B"]
[Site "Kiel"]
[Date "2015.07.29"]
[Round "7.15"]
[White "Serbin, Alexander"]
[Black "Zielke, Bernd"]
[Result "1/2-1/2"]
[WhiteElo "1517"]
[BlackElo "1662"]
[PlyCount "128"]
[EventDate "2015.??.??"]
[WhiteTeam "Kieler SG"]
[BlackTeam "TuS Holtenau"]

1. e4 e5 2. Nf3 Nf6 3. Nc3 Bb4 4. a3 Bxc3 5. bxc3 d6 6. d3 O-O 7. Bg5 Bg4 8.
Be2 Nbd7 9. O-O c6 10. h3 Be6 11. c4 h6 12. Be3 Nh7 13. Rb1 Qc7 14. Nh2 f5 15.
exf5 Bxf5 16. Bg4 Kh8 17. Bxf5 Rxf5 18. Qg4 Rf7 19. f4 Raf8 20. fxe5 Rxf1+ 21.
Nxf1 dxe5 22. Ng3 Nhf6 23. Qe2 e4 24. Nxe4 Nxe4 25. dxe4 b6 26. Rf1 Rxf1+ 27.
Kxf1 Nf6 28. Bd4 Qf4+ 29. Qf3 Qc1+ 30. Kf2 Qxc2+ 31. Kg1 Qc1+ 32. Kh2 Qg5 33.
e5 Ng8 34. e6 c5 35. Bb2 Kh7 36. Qe4+ Qg6 37. Qb7 Qg5 38. Qc7 Qe7 39. Qd7 Qg5
40. Qd6 Qe7 41. Be5 Qxd6 42. Bxd6 Nf6 43. Bb8 a6 44. Ba7 b5 45. cxb5 axb5 46.
Bxc5 Kg8 47. g4 h5 $4 48. Be7 (48. g5 Ne4 49. g6) 48... Nd5 49. Bd6 hxg4 50.
hxg4 g6 51. g5 Nc3 52. Kg2 Ne4 53. Bf4 Kf8 54. Kf3 Nc3 55. Be5 Nd5 56. Ke4 Nb6
57. Bd6+ Ke8 58. Kd4 Na4 59. Kd5 Nc3+ 60. Kc6 Ne4 61. Bf4 Ke7 62. Kxb5 Kxe6 63.
a4 Kf5 64. Bc7 Nc3+ 1/2-1/2

[Event "Kieler Open 2015 Gruppe B"]
[Site "Kiel"]
[Date "2015.07.29"]
[Round "7.16"]
[White "Lehmkau, Steffen"]
[Black "Bunke, Mike"]
[Result "1/2-1/2"]
[WhiteElo "1715"]
[BlackElo "1453"]
[PlyCount "34"]
[EventDate "2015.??.??"]
[WhiteTeam "Mülheim-Nord"]
[BlackTeam "Schleswiger SV"]

1. d4 Nf6 2. c4 g6 3. Nc3 Bg7 4. e4 d6 5. Nf3 Bg4 6. Be2 O-O 7. h3 Bd7 8. Be3
Re8 9. Rc1 e5 10. d5 a5 11. Qd2 Na6 12. Bd3 b6 13. Bh6 Nc5 14. Bc2 Bc8 15. Bxg7
Kxg7 16. Qe3 Ba6 17. Nd2 Qd7 1/2-1/2

[Event "Kieler Open 2015 Gruppe B"]
[Site "Kiel"]
[Date "2015.07.29"]
[Round "7.17"]
[White "Westphal-Stubbe, Siegbert"]
[Black "Kaltschmidt, Andreas"]
[Result "1/2-1/2"]
[WhiteElo "1822"]
[BlackElo "1535"]
[PlyCount "38"]
[EventDate "2015.??.??"]
[WhiteTeam "SG Plöner See"]
[BlackTeam "Weiden"]

1. d4 Nf6 2. c4 e6 3. Nc3 Bb4 4. Bd2 c5 5. a3 Bxc3 6. Bxc3 cxd4 7. Bxd4 d5 8.
e3 Nc6 9. cxd5 Nxd4 10. Qxd4 Qxd5 11. Rd1 Qxd4 12. Rxd4 Bd7 13. Nf3 Ke7 14. Be2
Rac8 15. O-O Rc2 16. Rd2 Rxd2 17. Nxd2 Rc8 18. Bd3 Bc6 19. Bb1 Rd8 1/2-1/2

[Event "Kieler Open 2015 Gruppe B"]
[Site "Kiel"]
[Date "2015.07.29"]
[Round "7.18"]
[White "Dao, Joerg"]
[Black "Behrendt, Matthias"]
[Result "1-0"]
[WhiteElo "1465"]
[BlackElo "1501"]
[PlyCount "99"]
[EventDate "2015.??.??"]
[WhiteTeam "vereinslos"]
[BlackTeam "Agon NMS"]

1. h4 e5 2. e4 Nf6 3. d3 Nc6 4. c3 Bc5 5. b4 Nxb4 6. Nd2 Nc6 7. Nb3 Bb6 8. Bg5
h6 9. Bd2 d6 10. Be2 Be6 11. c4 a5 12. a4 Qd7 13. Bc3 Nb4 14. Qd2 Nc6 15. Qd1
Bg4 16. f3 Bh5 17. g4 Bg6 18. Nh3 Be3 19. Qb1 b6 20. Qb2 Nb4 21. d4 exd4 22.
Nxd4 c5 23. Nb5 O-O 24. Bxf6 gxf6 25. Rd1 Bd4 26. Nxd4 cxd4 27. Rxd4 Nc6 28.
Rd1 Ne5 29. Qxb6 Qxa4 30. Qxd6 Nxc4 31. Bxc4 Qxc4 32. Qxf6 Qb4+ 33. Kf2 Rac8
34. Rhe1 Qb5 35. h5 Rc2+ 36. Kg3 Rc6 37. Rd6 Qb8 38. e5 Rxd6 39. exd6 Bh7 40.
Qxh6 f6 41. Re6 Qd8 42. Qd2 Rf7 43. Nf4 Kg7 44. Qd5 f5 45. Nh3 fxg4 46. fxg4
Bg8 47. Qe5+ Kf8 48. Nf4 Bh7 49. Qh8+ Bg8 50. Ng6# 1-0

[Event "Kieler Open 2015 Gruppe B"]
[Site "Kiel"]
[Date "2015.07.29"]
[Round "7.19"]
[White "Petersen, Kay"]
[Black "Müller, Richard"]
[Result "0-1"]
[WhiteElo "1758"]
[BlackElo "1317"]
[PlyCount "86"]
[EventDate "2015.??.??"]
[WhiteTeam "Heikendorfer SV"]
[BlackTeam "Nickelhütte Aue"]

1. d4 d5 2. c4 e6 3. Bf4 Nf6 4. e3 Nc6 5. Bd3 Bd7 6. Nf3 Bb4+ 7. Nc3 dxc4 8.
Bxc4 O-O 9. O-O Na5 10. Bd3 Bxc3 11. bxc3 Nd5 12. Qc2 Nxf4 13. exf4 h6 14. Ne5
Bc6 15. Bh7+ Kh8 16. Bd3 Qh4 17. Nxc6 Nxc6 18. g3 Qe7 19. a3 f5 20. Rfe1 Qd6
21. Qb3 Nd8 22. Bb1 Qb6 23. Qc2 Rf6 24. g4 Nf7 25. Qd3 Qd6 26. Qg3 Re8 27. gxf5
Re7 28. Be4 b6 29. Kh1 exf5 30. Bf3 Rg6 31. Qh3 Rxe1+ 32. Rxe1 Qxf4 33. Bh5 Rf6
34. Re3 Qxf2 35. Rf3 Ng5 36. Rxf2 Nxh3 37. Re2 Kh7 38. Be8 Nf4 39. Rd2 Re6 40.
Bg6+ Kxg6 41. h4 Re1+ 42. Kh2 Re2+ 43. Rxe2 Nxe2 0-1

[Event "Kieler Open 2015 Gruppe B"]
[Site "Kiel"]
[Date "2015.07.29"]
[Round "7.20"]
[White "Korte, Andreas"]
[Black "Brockmann, Werner"]
[Result "1/2-1/2"]
[WhiteElo "1354"]
[BlackElo "1360"]
[PlyCount "128"]
[EventDate "2015.??.??"]
[WhiteTeam "Raisdorfer SG"]
[BlackTeam "Kieler SG"]

1. e4 e5 2. Nf3 Nc6 3. Bc4 Nf6 4. d3 d5 5. exd5 Nxd5 6. Bxd5 Qxd5 7. O-O Bg4 8.
h3 Bxf3 9. Qxf3 Qxf3 10. gxf3 O-O-O 11. Be3 Nd4 12. Bxd4 Rxd4 13. Nc3 a6 14.
Rfe1 f6 15. Ne4 f5 16. Nc3 Bd6 17. Rad1 g5 18. Ne2 Rh4 19. Kg2 h5 20. Ng3 Rf8
21. c3 f4 22. Ne4 g4 23. Nxd6+ cxd6 24. fxg4 hxg4 25. hxg4 Rxg4+ 26. Kf3 Rfg8
27. d4 R4g5 28. dxe5 dxe5 29. Ke4 Kc7 30. Rd5 Re8 31. Red1 Re6 32. Rc5+ Kb6 33.
Rdd5 Rc6 34. Rxc6+ bxc6 35. Rxe5 Rg2 36. Kf3 Rg1 37. Re2 Kb5 38. b3 Rc1 39. c4+
Kb4 40. Kxf4 a5 41. Ke5 a4 42. f4 axb3 43. axb3 Kxb3 44. Re4 c5 45. f5 Kc3 46.
f6 Kd3 47. Rf4 Re1+ 48. Kd6 Ke3 49. Rf5 Ke4 50. Rxc5 Rf1 51. Ke6 Kd4 52. Rc8
Re1+ 53. Kd6 Rf1 54. Ke6 Re1+ 55. Kf7 Rg1 56. Rg8 Rf1 57. Rg6 Ke5 58. Kg7 Ke6
59. f7+ Ke7 60. Rg5 Rxf7+ 61. Kg6 Rf4 62. c5 Rc4 63. Rd5 Ke6 64. Rg5 Kd7
1/2-1/2

[Event "Kieler Open 2015 Gruppe B"]
[Site "Kiel"]
[Date "2015.07.29"]
[Round "7.22"]
[White "Hogreve, Holger"]
[Black "Pick, Max"]
[Result "1-0"]
[WhiteElo "1514"]
[BlackElo "840"]
[PlyCount "33"]
[EventDate "2015.??.??"]
[WhiteTeam "Eckernförder SC"]
[BlackTeam "Kerpen"]

1. Nf3 d5 2. d4 c5 3. e3 Nf6 4. c3 Bf5 5. Bd3 Bxd3 6. Qxd3 Nc6 7. O-O e6 8.
Nbd2 c4 9. Qc2 Bd6 10. Re1 O-O 11. e4 Bc7 12. e5 Nd7 13. b3 f6 14. bxc4 dxc4
15. Nxc4 fxe5 16. Ng5 Qxg5 17. Bxg5 1-0

[Event "Kieler Open 2015 Gruppe B"]
[Site "Kiel"]
[Date "2015.07.29"]
[Round "7.23"]
[White "Kaminski, Thorsten"]
[Black "Dambrowski, Ralf"]
[Result "1-0"]
[WhiteElo "1300"]
[BlackElo "1335"]
[PlyCount "33"]
[EventDate "2015.??.??"]
[WhiteTeam "Schellhorn"]
[BlackTeam "Agon NMS"]

1. e4 e6 2. Nc3 d5 3. e5 c5 4. d4 cxd4 5. Qxd4 a6 6. Bd2 Qc7 7. Nf3 Ne7 8. Bd3
Nbc6 9. Qf4 Ng6 10. Bxg6 hxg6 11. O-O-O Bc5 12. Rhf1 Be7 13. Rfe1 O-O 14. Qg3
b5 15. Bg5 f6 16. exf6 gxf6 17. Qxc7 1-0

[Event "Kieler Open 2015 Gruppe B"]
[Site "Kiel"]
[Date "2015.07.30"]
[Round "8.1"]
[White "Untiedt, Urs Arved"]
[Black "Arndt, Magnus"]
[Result "0-1"]
[WhiteElo "1501"]
[BlackElo "1587"]
[PlyCount "54"]
[EventDate "2015.??.??"]
[WhiteTeam "Agon NMS"]
[BlackTeam "Doppelbauer Kiel"]

1. e4 e5 2. Nf3 Nc6 3. Bc4 Nf6 4. d4 exd4 5. e5 d5 6. O-O dxc4 7. exf6 Be6 8.
fxg7 Bxg7 9. Ng5 Qd7 10. Re1 O-O-O 11. Nxe6 fxe6 12. Qe2 d3 13. cxd3 cxd3 14.
Qe3 Bd4 15. Qxe6 Qxe6 16. Rxe6 Bxf2+ 17. Kxf2 Nd4 18. Re7 Rhf8+ 19. Ke1 Nc2+
20. Kd2 Nxa1 21. Re3 Nc2 22. Rxd3 Rf2+ 23. Kc3 Rxd3+ 24. Kxd3 Nb4+ 25. Kd4 Rf1
26. Bd2 Nc6+ 27. Kc3 Rxb1 0-1

[Event "Kieler Open 2015 Gruppe B"]
[Site "Kiel"]
[Date "2015.07.30"]
[Round "8.3"]
[White "Haye, Robert"]
[Black "Wichmann, Gerd"]
[Result "1-0"]
[WhiteElo "1449"]
[BlackElo "1689"]
[PlyCount "59"]
[EventDate "2015.??.??"]
[WhiteTeam "Kieler SG"]
[BlackTeam "VHS Rendsburg"]

1. c4 Nf6 2. d4 d5 3. cxd5 Nxd5 4. e4 Nf6 5. Nc3 e6 6. Nf3 Be7 7. Bd3 O-O 8.
O-O c5 9. d5 exd5 10. exd5 Bd6 11. Bg5 h6 12. Bh4 b6 13. Ne4 Bb7 14. Nxf6+ gxf6
15. Bc2 Kg7 16. Nd2 Qd7 17. Ne4 Be7 18. Qf3 f5 19. Bxe7 Qxe7 20. Qxf5 Rh8 21.
d6 Qe6 22. Qf4 Nd7 23. Rfe1 Rae8 24. Qd2 Qg6 25. Ng3 Qg4 26. Bf5 Rxe1+ 27. Rxe1
Qa4 28. Nh5+ Kf8 29. Qe3 Qh4 30. Qe8# 1-0

[Event "Kieler Open 2015 Gruppe B"]
[Site "Kiel"]
[Date "2015.07.30"]
[Round "8.5"]
[White "Hartendauer, Frank"]
[Black "Sowa, Kay"]
[Result "0-1"]
[WhiteElo "1413"]
[BlackElo "1689"]
[PlyCount "40"]
[EventDate "2015.??.??"]
[WhiteTeam "Kieler SG"]
[BlackTeam "Doppelbauer Kiel"]

1. d4 Nf6 2. c4 c5 3. d5 b5 4. cxb5 a6 5. bxa6 Bxa6 6. g3 d6 7. Nc3 g6 8. Bg2
Bg7 9. e4 Nbd7 10. Nge2 O-O 11. O-O Ng4 12. Re1 Nge5 13. Bd2 Nd3 14. Rf1 Nxb2
15. Qc2 Nd3 16. Rfb1 Nb4 17. Qd1 Bxe2 18. Qxe2 Nc2 19. Qd1 Nxa1 20. Rxa1 Ra3
0-1

[Event "Kieler Open 2015 Gruppe B"]
[Site "Kiel"]
[Date "2015.07.30"]
[Round "8.6"]
[White "Kathage, Holger"]
[Black "Draasch, Heiko"]
[Result "1-0"]
[WhiteElo "1650"]
[BlackElo "1618"]
[PlyCount "71"]
[EventDate "2015.??.??"]
[WhiteTeam "Kiel"]
[BlackTeam "SG Turm Kiel"]

1. d4 Nf6 2. e3 b6 3. Bd3 Bb7 4. Nf3 g6 5. Nbd2 Bg7 6. Qe2 O-O 7. O-O d6 8. e4
Nbd7 9. b4 a5 10. b5 e5 11. dxe5 dxe5 12. Ba3 Nc5 13. Bxc5 bxc5 14. a4 Qe7 15.
Rfe1 Nh5 16. Qe3 Nf4 17. Bc4 Bh6 18. Qc3 Bg7 19. Nb3 c6 20. Nxc5 cxb5 21. Nxb7
b4 22. Qb3 Qxb7 23. g3 Nh3+ 24. Kg2 Qc8 25. Rad1 Ra7 26. Rd5 Re8 27. Red1 Qg4
28. Rd8 Kf8 29. Rxe8+ Kxe8 30. Bb5+ Ke7 31. Kf1 Ng5 32. Rd3 Nxe4 33. Qd5 Qc8
34. Qxe4 f5 35. Qd5 Rc7 36. Ng5 1-0

[Event "Kieler Open 2015 Gruppe B"]
[Site "Kiel"]
[Date "2015.07.30"]
[Round "8.7"]
[White "Plichta, Reiner"]
[Black "Howe, Dietrich"]
[Result "1-0"]
[WhiteElo "1811"]
[BlackElo "1667"]
[PlyCount "43"]
[EventDate "2015.??.??"]
[WhiteTeam "Kiel"]
[BlackTeam "Kaltenkirchen"]

1. d4 Nf6 2. c4 e6 3. Nf3 c5 4. e3 cxd4 5. exd4 b6 6. Be2 Bb7 7. O-O g6 8. Nc3
a6 9. Bf4 Bg7 10. Bd6 Qc8 11. Ne5 Nc6 12. Bf3 Ra7 13. Rc1 Nd8 14. d5 Ng8 15.
Ne4 Qa8 16. Re1 Ne7 17. Ng4 f5 18. Nef6+ Kf7 19. Nxd7 fxg4 20. dxe6+ Nxe6 21.
Qe2 Bxf3 22. Qxe6+ 1-0

[Event "Kieler Open 2015 Gruppe B"]
[Site "Kiel"]
[Date "2015.07.30"]
[Round "8.8"]
[White "Degenhardt, Andreas"]
[Black "Kreutz, Jonas"]
[Result "1/2-1/2"]
[WhiteElo "1762"]
[BlackElo "1659"]
[PlyCount "103"]
[EventDate "2015.??.??"]
[WhiteTeam "SC Lorsch"]
[BlackTeam "Königsjäger SW Berlin"]

1. d4 e6 2. Nf3 d5 3. e3 c5 4. dxc5 Bxc5 5. a3 Nf6 6. Nbd2 O-O 7. Bd3 Nc6 8. b4
Bd6 9. c4 Ne5 10. Be2 b6 11. Bb2 Qc7 12. cxd5 Nxd5 13. Rc1 Nxf3+ 14. Nxf3 Qe7
15. e4 Nf4 16. e5 Bb8 17. O-O Rd8 18. Qc2 Nxe2+ 19. Qxe2 Bb7 20. Rfd1 Bc7 21.
Rd4 Bxf3 22. Qxf3 Rxd4 23. Qxa8+ Rd8 24. Qxa7 Rd2 25. g3 Rd7 26. Qa8+ Rd8 27.
Qc6 Rd7 28. Bd4 Rxd4 {(=)} 29. Qxc7 Qxc7 30. Rxc7 Kf8 31. Rc6 Rd1+ 32. Kg2 Ra1
33. Rc3 Ke8 34. Kf3 Kd7 35. Ke3 Re1+ 36. Kd4 Re2 37. Rf3 Ke7 38. Kd3 Rxe5 39.
a4 f5 40. Re3 Rd5+ 41. Kc3 e5 42. f4 e4 43. Kc4 Kd6 44. Ra3 Kc6 45. b5+ Kd6 46.
a5 bxa5 47. Rxa5 Rd1 48. b6 Kc6 49. Rxf5 Kxb6 {(=)} 50. Re5 Rd2 51. Rxe4 Rxh2
52. Re3 1/2-1/2

[Event "Kieler Open 2015 Gruppe B"]
[Site "Kiel"]
[Date "2015.07.30"]
[Round "8.9"]
[White "Paolella, Finnley"]
[Black "Schmieder, Kerstin"]
[Result "1/2-1/2"]
[WhiteElo "1286"]
[BlackElo "1700"]
[PlyCount "107"]
[EventDate "2015.??.??"]
[WhiteTeam "Doppelbauer Kiel"]
[BlackTeam "Rodewischer Schachmiezen"]

1. e4 g6 2. d4 Bg7 3. Nf3 d6 4. Bc4 Nf6 5. Nc3 O-O 6. O-O Nc6 7. a3 e5 8. dxe5
Nxe5 9. Nxe5 dxe5 10. Be3 Bd7 11. f3 c6 12. Qd2 Qc7 13. Qf2 b6 14. Rad1 Rad8
15. h3 Rfe8 16. Rfe1 Be6 17. Bxe6 Rxe6 18. Rxd8+ Qxd8 19. Rd1 Rd6 20. Rxd6 Qxd6
21. Qd2 Qc7 22. Kf2 Ne8 23. b3 Bf8 24. b4 Nd6 25. Qd3 Qe7 26. Ne2 Qh4+ 27. Kf1
Qf6 28. a4 Qe7 29. Qb3 Nc8 30. b5 Qd7 31. Qd3 Qxd3 32. cxd3 cxb5 33. axb5 Bb4
34. f4 f6 35. fxe5 fxe5 36. d4 Nd6 37. dxe5 Nxb5 38. Nf4 Bc3 39. e6 Nd6 40. Nd5
Be5 41. Ne7+ Kf8 42. Nc6 Nc4 43. Bh6+ Ke8 44. Nxa7 Ke7 45. Nb5 Kxe6 46. Ke2 Nd6
47. Nc7+ Kd7 48. Nd5 b5 49. Kd3 Kc6 50. Ne7+ Kb6 51. Nd5+ Ka5 52. Bd2+ Ka6 53.
Nb4+ Kb7 54. Nd5 1/2-1/2

[Event "Kieler Open 2015 Gruppe B"]
[Site "Kiel"]
[Date "2015.07.30"]
[Round "8.10"]
[White "Weck, Uwe"]
[Black "Bahr, Arne"]
[Result "0-1"]
[WhiteElo "1697"]
[BlackElo "1676"]
[PlyCount "98"]
[EventDate "2015.??.??"]
[WhiteTeam "Kaltenkirchen"]
[BlackTeam "SG Turm Kiel"]

1. e4 g6 2. Nf3 c6 3. d4 d5 4. exd5 cxd5 5. Bb5+ Bd7 6. Bxd7+ Nxd7 7. O-O Ngf6
8. c3 Bg7 9. Re1 e6 10. h3 O-O 11. Bf4 Qb6 12. Qc2 Rac8 13. Nbd2 Nh5 14. Bh2
Bxd4 15. Nxd4 Qxd4 16. Nf3 Qb6 17. Qe2 Qd8 18. g4 Nhf6 19. Rad1 Ne4 20. Ne5
Nxe5 21. Bxe5 f6 22. Bh2 e5 23. f3 Ng5 24. Kg2 Qd7 25. f4 exf4 26. Bxf4 Rfe8
27. Qd3 Nf7 28. Be3 Kg7 29. Qxd5 Qxd5+ 30. Rxd5 Re4 31. Rd7 Rce8 32. Kf2 R4e7
33. Rxe7 Rxe7 34. Bxa7 Rxe1 35. Kxe1 Ng5 36. b4 Nxh3 37. Be3 g5 38. c4 Nf4 39.
Bxf4 gxf4 40. Kf2 Kg6 41. c5 f5 42. gxf5+ Kxf5 43. b5 Ke6 44. a4 Kd5 45. c6
bxc6 46. b6 Kd6 47. a5 c5 48. a6 Kc6 49. b7 Kc7 0-1

[Event "Kieler Open 2015 Gruppe B"]
[Site "Kiel"]
[Date "2015.07.30"]
[Round "8.12"]
[White "Lange, Edgar"]
[Black "Steffen, Jörn"]
[Result "1/2-1/2"]
[WhiteElo "1599"]
[BlackElo "1682"]
[PlyCount "44"]
[EventDate "2015.??.??"]
[WhiteTeam "Kieler SG"]
[BlackTeam "Flintbek"]

1. e4 c5 2. c3 Nf6 3. e5 Nd5 4. Nf3 Nc6 5. Bc4 Nb6 6. Bb3 c4 7. Bc2 e6 8. O-O
g6 9. d4 cxd3 10. Bxd3 Qc7 11. Re1 Bg7 12. Bf4 O-O 13. Qd2 Nd5 14. Bh6 d6 15.
Bxg7 Kxg7 16. exd6 Qxd6 17. Be4 Rd8 18. Na3 Nf6 19. Qxd6 Rxd6 20. Bxc6 bxc6 21.
Rad1 Rxd1 22. Rxd1 Ba6 1/2-1/2

[Event "Kieler Open 2015 Gruppe B"]
[Site "Kiel"]
[Date "2015.07.30"]
[Round "8.13"]
[White "Zielke, Bernd"]
[Black "Dao, Joerg"]
[Result "1-0"]
[WhiteElo "1662"]
[BlackElo "1465"]
[PlyCount "121"]
[EventDate "2015.??.??"]
[WhiteTeam "TuS Holtenau"]
[BlackTeam "vereinslos"]

1. b4 e5 2. Bb2 Bd6 3. c4 c6 4. d3 Bc7 5. Nf3 f6 6. e3 d6 7. Be2 Be6 8. O-O g5
9. Nfd2 Bf7 10. Bh5 Qe7 11. a4 Nd7 12. Nc3 f5 13. Bxf7+ Qxf7 14. d4 h5 15. Qe2
Ngf6 16. Rfd1 e4 17. f3 d5 18. fxe4 dxe4 19. Rf1 Qg6 20. d5 Be5 21. dxc6 bxc6
22. Rab1 Rf8 23. c5 g4 24. Nc4 Bb8 25. Rbd1 Ne5 26. Nxe5 Bxe5 27. Qc4 Bxc3 28.
Bxc3 Nd5 29. Bd4 a6 30. b5 axb5 31. axb5 Rf7 32. b6 Rb7 33. Ra1 Rd8 34. Qb3 Ke7
35. Ra3 Ke6 36. Rfa1 Qf7 37. Ra7 Rdb8 38. Rxb7 Rxb7 39. Ra3 f4 40. exf4 Qxf4
41. Be3 Qf7 42. Qc4 Kf5 43. Qf1+ Ke6 44. Qc4 Kf5 45. Bd4 Qe8 46. Ra1 Kg6 47.
Re1 Re7 48. Qb3 Qb8 49. g3 e3 50. Qd3+ Kg5 51. Bxe3+ Nxe3 52. Rxe3 Qf8 53. Qe2
Rf7 54. Re5+ Rf5 55. Qe3+ Kg6 56. Re6+ Rf6 57. Qe4+ Kg5 58. Rxf6 Qxf6 59. Qf4+
Qxf4 60. gxf4+ Kxf4 61. b7 1-0

[Event "Kieler Open 2015 Gruppe B"]
[Site "Kiel"]
[Date "2015.07.30"]
[Round "8.14"]
[White "Bunke, Mike"]
[Black "Serbin, Alexander"]
[Result "0-1"]
[WhiteElo "1453"]
[BlackElo "1517"]
[PlyCount "48"]
[EventDate "2015.??.??"]
[WhiteTeam "Schleswiger SV"]
[BlackTeam "Kieler SG"]

1. c4 Nf6 2. g3 g6 3. Bg2 Bg7 4. Nc3 O-O 5. Nf3 d6 6. d3 Re8 7. O-O Nc6 8. Rb1
e5 9. b4 a6 10. b5 axb5 11. Rxb5 Nd4 12. Rb1 Nh5 13. a3 f5 14. Nxd4 exd4 15.
Na2 Kh8 16. Nb4 c6 17. Bb2 f4 18. Bc1 Bh6 19. Bb2 Kg8 20. Re1 fxg3 21. fxg3
Be3+ 22. Kh1 Qg5 23. Bf3 Nxg3+ 24. hxg3 Qh6+ 0-1

[Event "Kieler Open 2015 Gruppe B"]
[Site "Kiel"]
[Date "2015.07.30"]
[Round "8.15"]
[White "Farokhi, Keyvan"]
[Black "Westphal-Stubbe, Siegbert"]
[Result "0-1"]
[WhiteElo "1283"]
[BlackElo "1822"]
[PlyCount "172"]
[EventDate "2015.??.??"]
[WhiteTeam "Doppelbauer Kiel"]
[BlackTeam "SG Plöner See"]

1. e4 c5 2. Nf3 e6 3. d4 cxd4 4. Nxd4 a6 5. Be3 d6 6. Nc3 Qc7 7. f3 Nd7 8. Qd2
Ngf6 9. g4 g6 10. O-O-O b5 11. h4 Bb7 12. Kb1 Be7 13. Bd3 e5 14. Nb3 b4 15. Ne2
d5 16. Ng3 O-O 17. h5 dxe4 18. Nxe4 Nxe4 19. Bxe4 Nf6 20. Bxb7 Qxb7 {(=)} 21.
Qg2 Rfd8 22. Rdg1 Rac8 23. hxg6 fxg6 24. Qh3 Qc7 25. Rg2 Bf8 26. Bg5 Bg7 27.
Qh4 Rf8 28. Rgh2 Rf7 29. Bxf6 Bxf6 30. g5 Bh8 31. Qxb4 Rb8 32. Qe4 Qd6 33. a3
Rd8 34. Rd2 Qc7 35. Rxd8+ Qxd8 36. Qc4 Qxg5 37. Rf1 Qf4 38. Qxa6 e4 39. Qc4
exf3 40. Qxf4 Rxf4 41. c3 f2 42. Kc2 Bf6 43. Kd3 Bh4 44. Ke3 Rf7 45. Nd2 Bg5+
46. Ke2 Bh4 47. Ne4 Re7 48. Kf3 Rf7+ 49. Kg2 Re7 {(=)} 50. Nxf2 Re2 51. b4 Ra2
52. Kf3 Rxa3 53. Rc1 Be7 54. Kg4 h5+ 55. Kf4 Rb3 56. Nd3 Bf8 57. Kg3 Bg7 58.
Kh4 Bf6+ 59. Kh3 Bxc3 60. Kg2 Bxb4 61. Nxb4 Rxb4 62. Rc8+ Kg7 63. Rc3 Rf4 64.
Rg3 Kf6 65. Kh3 g5 66. Kg2 Kf5 67. Rh3 h4 68. Kg1 Kg4 69. Rh2 Rf3 70. Re2 h3
71. Re4+ Kg3 72. Re2 g4 73. Rd2 Rc3 74. Rd1 Rc2 75. Rd3+ Kh4 76. Rd1 Rg2+ 77.
Kh1 Re2 78. Kg1 Re4 79. Rd2 g3 80. Rd1 h2+ 81. Kg2 Re2+ 82. Kf3 Rf2+ 83. Ke3
Kh3 84. Rd5 h1=Q 85. Rh5+ Kg2 86. Rxh1 Kxh1 0-1

[Event "Kieler Open 2015 Gruppe B"]
[Site "Kiel"]
[Date "2015.07.30"]
[Round "8.17"]
[White "Müller, Richard"]
[Black "Lehmkau, Steffen"]
[Result "0-1"]
[WhiteElo "1317"]
[BlackElo "1715"]
[PlyCount "74"]
[EventDate "2015.??.??"]
[WhiteTeam "Nickelhütte Aue"]
[BlackTeam "Mülheim-Nord"]

1. e4 e5 2. Nf3 Nc6 3. Bc4 Bc5 4. Nc3 Nf6 5. d3 h6 6. Be3 Bb6 7. Qd2 d6 8. h3
Na5 9. Bb5+ c6 10. Ba4 Bxe3 11. fxe3 b5 12. Bb3 Nxb3 13. axb3 Qe7 14. O-O O-O
15. Rad1 Rb8 16. Rfe1 d5 17. exd5 cxd5 18. d4 e4 19. Ne5 Qd6 20. Qe2 a6 21. Nb1
Be6 22. Rd2 Rfc8 23. Nc3 Rc7 24. Qf2 Rbc8 25. Rf1 Rf8 26. Qh4 Nd7 27. Nxd7 Rxd7
28. Rdf2 Rc8 29. Qh5 Rdc7 30. Qd1 Qg3 31. Qc1 Qg5 32. Kh2 Rc6 33. Na2 Qe7 34.
Qd2 Qc7+ 35. Kg1 Rxc2 36. Qd1 Rxf2 37. Rxf2 Qg3 0-1

[Event "Kieler Open 2015 Gruppe B"]
[Site "Kiel"]
[Date "2015.07.30"]
[Round "8.18"]
[White "Kaminski, Thorsten"]
[Black "Pöschmann, Jaro"]
[Result "0-1"]
[WhiteElo "1300"]
[BlackElo "1666"]
[PlyCount "84"]
[EventDate "2015.??.??"]
[WhiteTeam "Schellhorn"]
[BlackTeam "Bad Schwartau"]

1. e4 c5 2. Nf3 d6 3. Bb5+ Nd7 4. O-O Ngf6 5. Nc3 g6 6. d3 Bg7 7. Re1 O-O 8.
Be3 a6 9. Bc4 b5 10. Bb3 Bb7 11. a4 b4 12. Ne2 Ng4 13. Bc1 a5 14. h3 Nge5 15.
Nxe5 Nxe5 16. f4 Nc6 17. Ng3 Qb6 18. Be3 Bxb2 19. f5 Bxa1 20. Qxa1 Nd4 21. Bh6
Rfd8 22. fxg6 hxg6 23. Rf1 d5 24. Qe1 Nxb3 25. Qf2 Qf6 26. Qe2 Nd4 27. Qg4 Qh8
28. Qf4 Qh7 29. h4 Ra6 30. Qc7 Rad6 31. e5 R6d7 32. Qxc5 Qxh6 33. Qxd4 e6 34.
Qg4 Rc8 35. h5 Rxc2 36. Rf6 Rc1+ 37. Kh2 b3 38. Rxg6+ fxg6 39. Qxe6+ Rf7 40.
Nf5 Qf4+ 41. g3 Qf2+ 42. Kh3 Qxf5+ 0-1

[Event "Kieler Open 2015 Gruppe B"]
[Site "Kiel"]
[Date "2015.07.30"]
[Round "8.19"]
[White "Kaltschmidt, Andreas"]
[Black "Borchert, Johann"]
[Result "1-0"]
[WhiteElo "1535"]
[BlackElo "1630"]
[PlyCount "67"]
[EventDate "2015.??.??"]
[WhiteTeam "Weiden"]
[BlackTeam "Heikendorfer SV"]

1. e4 e5 2. f4 exf4 3. Nf3 Be7 4. Bc4 Bh4+ 5. Kf1 d6 6. d4 Bg4 7. Bxf4 c6 8.
Nc3 Be7 9. Qd3 Nd7 10. Kf2 Nb6 11. Bb3 Qd7 12. a4 Be6 13. a5 Nc8 14. d5 Bg4 15.
Qc4 Bh5 16. dxc6 bxc6 17. Ba4 Kf8 18. Bxc6 Qg4 19. Bxa8 Bh4+ 20. Bg3 Bxg3+ 21.
hxg3 Nge7 22. Rh4 Qg6 23. Bb7 Bxf3 24. gxf3 Qe6 25. Qxe6 fxe6 26. Rd1 Kf7 27.
Bxc8 Nxc8 28. Rh5 a6 29. Rd4 g6 30. Rh1 Kf6 31. Na4 h5 32. Nb6 Ke5 33. c3 Nxb6
34. axb6 1-0